[Event "34ème Open International d'Avoine"]
[Site "AVOINE"]
[Date "2019.07.20"]
[Round "2.12"]
[White "Sohier, Julien"]
[Black "Shirazi, Kamran"]
[Result "0-1"]
[WhiteElo "2188"]
[BlackElo "2343"]
[PlyCount "84"]
[EventDate "2019.??.??"]
[WhiteTeam "Club 608 d'Echecs Paris"]
[BlackTeam "Tremblay en France"]

1. e4 c6 2. d4 d5 3. Nc3 g6 4. Be3 Bg7 5. Qd2 Nf6 6. e5 Ng4 7. Bf4 f6 8. exf6
Nxf6 9. O-O-O O-O 10. f3 Nbd7 11. h4 e5 12. dxe5 Nh5 13. Bg5 Qe8 14. Bh6 Ng3
15. Bxg7 Kxg7 16. Rh3 Nxf1 17. Rxf1 Nxe5 18. Rh1 Nc4 19. Qd4+ Kg8 20. Nh3 Qe3+
21. Qxe3 Nxe3 22. Rf2 Bxh3 23. Rxh3 Rae8 24. Rh1 d4 25. Nd1 Nf5 26. Rd2 Ng3 27.
Rh3 Ne2+ 28. Kb1 c5 29. Rh1 Ng3 30. Rg1 Rf4 31. c3 Rxh4 32. cxd4 Rxd4 33. Rc2
b6 34. Nc3 h5 35. Kc1 Kg7 36. Rd1 Rxd1+ 37. Kxd1 Kh6 38. Rd2 Re7 39. Rd8 Nf5
40. Nd5 Re5 41. Kd2 Nd4 42. Ne3 Rg5 0-1

[Event "34ème Open International d'Avoine"]
[Site "AVOINE"]
[Date "2019.07.21"]
[Round "2.13"]
[White "Bressy, Theo"]
[Black "Daeschler, Florian"]
[Result "1-0"]
[WhiteElo "2182"]
[BlackElo "2334"]
[PlyCount "68"]
[EventDate "2019.??.??"]

1. e4 e5 2. Nf3 Nc6 3. d4 exd4 4. Bc4 Nf6 5. O-O Nxe4 6. Re1 d5 7. Bxd5 Qxd5 8.
Nc3 Qd7 9. Rxe4+ Be7 10. Nxd4 f5 11. Rf4 O-O 12. Nxc6 Qxd1+ 13. Nxd1 bxc6 14.
Ra4 g5 15. f4 Re8 16. Kf2 h6 17. Be3 Rb8 18. b3 c5 19. Rxa7 Bd6 20. g3 Rb4 21.
c4 Rb6 22. Nc3 Be6 23. Nb5 Bf8 24. Rxc7 Bf7 25. Re1 Rbe6 26. Rd7 gxf4 27. gxf4
Be7 28. Rg1+ Bg6 29. Rd3 Bh4+ 30. Ke2 R8e7 31. Kd2 Kh7 32. Nc3 Bh5 33. Bxc5 Rc7
34. b4 Bf3 1-0

[Event "34ème Open International d'Avoine"]
[Site "AVOINE"]
[Date "2019.07.21"]
[Round "2.14"]
[White "Le, Quan Anh"]
[Black "Eugene, Floryan"]
[Result "0-1"]
[WhiteElo "2119"]
[BlackElo "2300"]
[PlyCount "66"]
[EventDate "2019.??.??"]

1. e4 e5 2. Nf3 Nc6 3. d4 exd4 4. Nxd4 Nf6 5. Nxc6 bxc6 6. e5 Qe7 7. Qe2 Nd5 8.
h4 Rb8 9. c4 Nb6 10. g3 Qb4+ 11. Nd2 Ba6 12. a3 Qa5 13. Qe4 Bb7 14. Qe3 Bc5 15.
Qg5 O-O 16. Bd3 Rfe8 17. Kf1 Bf8 18. f4 c5 19. Rh2 d5 20. Nf3 h6 21. Qh5 dxc4
22. Bh7+ Kxh7 23. Ng5+ Kh8 24. Nxf7+ Kg8 25. Qg6 Bd5 26. Nxh6+ Kh8 27. f5 Qa4
28. Bg5 Qb3 29. e6 Qf3+ 30. Rf2 Qh1+ 31. Ke2 Qe4+ 32. Kf1 Bxe6 33. Re2 Qxe2+
0-1

[Event "34ème Open International d'Avoine"]
[Site "AVOINE"]
[Date "2019.07.21"]
[Round "2.15"]
[White "Devallee, Jeremie"]
[Black "Gouanelle, Franck"]
[Result "0-1"]
[WhiteElo "2299"]
[BlackElo "2094"]
[PlyCount "62"]
[EventDate "2019.??.??"]

1. e4 e6 2. Nf3 d5 3. e5 c5 4. b4 c4 5. d3 cxd3 6. Bxd3 Bxb4+ 7. c3 Ba5 8. Qa4+
Nc6 9. Qg4 Kf8 10. O-O h6 11. h4 h5 12. Ba3+ Nge7 13. Qf4 Kg8 14. Bd6 Bd7 15.
Rc1 Rc8 16. Nbd2 Rh6 17. Rab1 b6 18. Ba6 Nf5 19. Bxc8 Bxc8 20. Bb4 Rg6 21. Bxa5
Nxa5 22. Qh2 Rg4 23. g3 Qc7 24. Qg2 Ba6 25. c4 Nxc4 26. Nxc4 Bxc4 27. Qf1 Qc5
28. Rxc4 Rxc4 29. Kg2 Rc2 30. Qe1 Ne3+ 31. Kg1 Ng4 0-1

[Event "34ème Open International d'Avoine"]
[Site "AVOINE"]
[Date "2019.07.21"]
[Round "2.16"]
[White "Lemonnier, Remi"]
[Black "Heurtebize, Olivier"]
[Result "0-1"]
[WhiteElo "2093"]
[BlackElo "2298"]
[Annotator "Smith,John"]
[PlyCount "59"]
[EventDate "2019.??.??"]

1. e4 c5 2. Nf3 e6 3. d4 cxd4 4. Nxd4 a6 5. c4 Nf6 6. Nc3 Qc7 7. a3 b6 8. Be3
Bb7 9. f3 d6 10. Qd2 Nbd7 11. Be2 Be7 12. O-O O-O 13. b4 Rac8 14. Rac1 Rfe8 15.
Kh1 Qb8 16. Rc2 Ne5 17. Na4 Bd8 18. Rfc1 d5 19. exd5 exd5 20. c5 b5 21. Nc3 Nc4
22. Bxc4 dxc4 23. Nf5 Bc7 24. Bg5 Rcd8 25. Qf2 Qc8 (25... Qa8 26. Bxf6 gxf6 27.
Nh6+ Kg7 28. Qh4 Re5 29. f4 Re4 30. Qg3+) 26. Bxf6 gxf6 27. Nh6+ Kg7 28. Qh4
Re5 29. f4 Re4 30. Qg3+ {Reste de la partie illisible} 0-1

[Event "34ème Open International d'Avoine"]
[Site "AVOINE"]
[Date "2019.07.20"]
[Round "2.17"]
[White "Selebran, Henri"]
[Black "Sandu, Mihaela"]
[Result "0-1"]
[WhiteElo "2070"]
[BlackElo "2286"]
[PlyCount "98"]
[EventDate "2019.??.??"]
[WhiteTeam "LEC Echiquier Limousin"]

1. c4 Nf6 2. g3 g6 3. Bg2 d5 4. cxd5 Nxd5 5. Nc3 Nb6 6. d3 Bg7 7. Be3 O-O 8.
Qd2 Nc6 9. Bh6 Bxh6 10. Qxh6 Nd4 11. Nf3 Nxf3+ 12. Bxf3 e5 13. g4 c6 14. g5 f5
15. gxf6 Qxf6 16. Ne4 Qg7 17. Qg5 Bf5 18. h4 Nd5 19. O-O-O Rad8 20. Qd2 Nf6 21.
Ng3 Bg4 22. Be4 Nxe4 23. Nxe4 Bf5 24. Ng3 Be6 25. h5 Rxf2 26. hxg6 hxg6 27. Ne4
Rf4 28. Ng5 Qe7 29. Rdg1 Rdf8 30. Qe3 Bd5 31. Qh3 Bxh1 32. Rxh1 Rf1+ 33. Rxf1
Qxg5+ 34. Kc2 Rxf1 35. Qxf1 Kg7 36. Qf2 b6 37. Qf3 Qf6 38. Qe4 Qd6 39. Qg4 a5
40. a3 b5 41. Kd1 a4 42. Ke1 Qe7 43. d4 exd4 44. Qxd4+ Qf6 45. Qd7+ Kh6 46.
Qh3+ Kg5 47. Qg2+ Kh5 48. e4 Qh4+ 49. Kf1 Qf4+ 0-1

[Event "34ème Open International d'Avoine"]
[Site "AVOINE"]
[Date "2019.07.20"]
[Round "2.18"]
[White "Roux, Baptiste"]
[Black "Bouget, Alexandre"]
[Result "1/2-1/2"]
[WhiteElo "2056"]
[BlackElo "2275"]
[PlyCount "105"]
[EventDate "2019.??.??"]
[WhiteTeam "Corsica Chess Club"]
[BlackTeam "Echiquier Guingampais"]

1. e4 e5 2. Nf3 Nc6 3. Bb5 a6 4. Ba4 Nf6 5. O-O b5 6. Bb3 Bb7 7. Re1 Bc5 8. c3
d6 9. d4 Bb6 10. Bc2 h6 11. Be3 Ng4 12. Nbd2 Nxe3 13. fxe3 g5 14. Nf1 g4 15.
N3d2 h5 16. Ng3 Qg5 17. Nf5 Ne7 18. Nxe7 Kxe7 19. Qe2 c5 20. dxe5 Qxe5 21. Rf1
Bc8 22. a4 Bd7 23. Rf4 c4 24. Raf1 Raf8 25. axb5 axb5 26. Kh1 Qc5 27. Qf2 Be6
28. Qh4+ Kd7 29. e5 dxe5 30. Ne4 Qxe3 31. Rd1+ Kc6 32. Rd6+ Kb7 33. Qe7+ Bc7
34. Rf1 Re8 35. Nc5+ Qxc5 36. Be4+ Bd5 37. Bxd5+ Qxd5 38. Qxe8 Rxe8 39. Rxd5
Kc6 40. Rd2 Ra8 41. g3 b4 42. Rf6+ Kc5 43. Rxf7 bxc3 44. bxc3 Ra1+ 45. Kg2 Ba5
46. Re2 Ra3 47. Ra7 Kd5 48. Rd2+ Ke4 49. Re2+ Kd5 50. Ra8 Ra1 51. Re3 Kd6 52.
Re4 Kd5 53. Re3 1/2-1/2

[Event "34ème Open International d'Avoine"]
[Site "AVOINE"]
[Date "2019.07.20"]
[Round "2.19"]
[White "Weibel, Theo"]
[Black "Iglesias, Joachim"]
[Result "1/2-1/2"]
[WhiteElo "2049"]
[BlackElo "2258"]
[PlyCount "127"]
[EventDate "2019.??.??"]
[WhiteTeam "Echiquier Club Le Mans"]
[BlackTeam "Vandoeuvre-Echecs"]

1. e4 g6 2. d4 Bg7 3. Nc3 c6 4. Nf3 d5 5. h3 Nh6 6. e5 O-O 7. Bf4 f6 8. Qd2 Nf7
9. O-O-O fxe5 10. Nxe5 Nd7 11. Nxf7 Rxf7 12. h4 Qf8 13. Be3 e5 14. h5 gxh5 15.
Rxh5 Nf6 16. Rxe5 Ng4 17. Rg5 Nxe3 18. Qxe3 Rxf2 19. Bd3 Qf4 20. Qxf4 Rxf4 21.
Rh1 Kf8 22. Rxh7 Bxd4 23. Nd1 Rf7 24. Rgh5 Bg4 25. Rh4 Bxd1 26. Rh8+ Bxh8 27.
Rxh8+ Ke7 28. Rxa8 Bg4 29. Rxa7 Kd6 30. Ra4 Be6 31. Rh4 Rf2 32. Rh7 b5 33. Rg7
b4 34. g4 c5 35. Kd1 Rg2 36. Be2 Ke5 37. a4 bxa3 38. bxa3 c4 39. Ke1 Kf6 40.
Rc7 Bxg4 41. Bxg4 Rxg4 42. a4 Ke5 43. Kd2 Kd4 44. c3+ Ke5 45. Re7+ Kd6 46. Re8
Kc6 47. Rb8 Rg2+ 48. Kc1 Ra2 49. Ra8 Kb6 50. Kb1 Rh2 51. Re8 Rh7 52. Re2 Rh1+
53. Kb2 Rh8 54. Kc1 Kc5 55. Rb2 Rh1+ 56. Kc2 Kd6 57. Rb6+ Ke5 58. a5 Rh2+ 59.
Kb1 Rh1+ 60. Kb2 Ke4 61. a6 Rh7 62. Kc2 Rh2+ 63. Kb1 Rh1+ 64. Kb2 1/2-1/2

[Event "34ème Open International d'Avoine"]
[Site "AVOINE"]
[Date "2019.07.20"]
[Round "2.20"]
[White "Bailet, Pierre"]
[Black "Kavciyan, Yega"]
[Result "1-0"]
[WhiteElo "2494"]
[BlackElo "2033"]
[Annotator "Smith,John"]
[PlyCount "51"]
[EventDate "2019.??.??"]

1. Nf3 {[%emt 0:00:00]} Nf6 {[%eval 0,0] [%emt 0:00:01]} 2. g3 g6 3. Bg2 Bg7 4.
O-O O-O 5. c4 d6 6. Nc3 e5 7. d4 exd4 8. Nxd4 Nbd7 9. b3 Re8 10. Bb2 a5 11. Qc2
Nc5 12. Rfd1 c6 13. Rab1 Qe7 14. Rd2 Bd7 15. e4 Rad8 16. Re1 Bc8 17. h3 Qc7 18.
Kh2 Nh5 19. Qd1 Re7 20. Ndb5 cxb5 21. Nd5 Qd7 22. Bxg7 Kxg7 23. g4 Re5 24. gxh5
Nxe4 25. Rxe4 Rxe4 26. h6+ 1-0

[Event "34ème Open International d'Avoine"]
[Site "AVOINE"]
[Date "2019.07.21"]
[Round "2.21"]
[White "Julien, Jules-Alois"]
[Black "Burri, Quentin"]
[Result "0-1"]
[WhiteElo "2093"]
[BlackElo "2422"]
[PlyCount "78"]
[EventDate "2019.??.??"]

1. Nf3 d5 2. e3 Nf6 3. c4 c6 4. Nc3 e6 5. b3 Bd6 6. Qc2 O-O 7. Bb2 e5 8. cxd5
cxd5 9. Nb5 Nc6 10. Nxd6 Qxd6 11. Rc1 Bg4 12. Qb1 Rac8 13. Rxc6 Qxc6 14. Nxe5
Qc2 15. Bd3 Qxb1+ 16. Bxb1 Be6 17. Ke2 Rfe8 18. f3 Nd7 19. Nd3 a5 20. g4 a4 21.
b4 Ra8 22. Nf4 a3 23. Bc3 Rac8 24. Nh5 g6 25. Nf4 Rc4 26. Kf2 d4 27. exd4 Nf6
28. Re1 Rcc8 29. Re5 Bc4 30. g5 Rxe5 31. dxe5 Nd5 32. Nxd5 Bxd5 33. Ke3 b5 34.
Kd4 Be6 35. d3 Kf8 36. Bd2 Bxa2 37. Bxa2 Rc2 38. Bb3 Rxd2 39. Kc5 Rxd3 0-1

[Event "34ème Open International d'Avoine"]
[Site "AVOINE"]
[Date "2019.07.20"]
[Round "2.22"]
[White "Deslandes, Pascal"]
[Black "Degardin, Sylvain"]
[Result "1-0"]
[WhiteElo "2341"]
[BlackElo "2180"]
[PlyCount "47"]
[EventDate "2019.??.??"]

1. e4 c5 2. c3 d5 3. exd5 Qxd5 4. d4 Nf6 5. Nf3 e6 6. Be3 cxd4 7. cxd4 Bb4+ 8.
Nc3 O-O 9. Be2 Bd7 10. O-O Bxc3 11. bxc3 Bb5 12. Rb1 Bxe2 13. Qxe2 b6 14. Rb5
Qd6 15. c4 Nc6 16. Rd1 h6 17. g3 Rfd8 18. Bf4 Qe7 19. Qe3 Rac8 20. h3 Na5 21.
Bxh6 Nxc4 22. Qg5 Qf8 23. Qh4 Nd6 24. Bxg7 1-0

[Event "34ème Open International d'Avoine"]
[Site "AVOINE"]
[Date "2019.07.20"]
[Round "2.23"]
[White "Midy, Robin"]
[Black "Gao, Etienne"]
[Result "0-1"]
[WhiteElo "2160"]
[BlackElo "2306"]
[PlyCount "96"]
[EventDate "2019.??.??"]
[WhiteTeam "Echiquier Club Le Mans"]
[BlackTeam "Echiquier Club Le Mans"]

1. d4 Nf6 2. Bg5 Ne4 3. Bf4 c5 4. d5 Qb6 5. Nd2 Nxd2 6. Bxd2 Qxb2 7. e4 e6 8.
Nf3 Qb6 9. Rb1 Qc7 10. Bc3 a6 11. a4 d6 12. dxe6 fxe6 13. Bc4 Be7 14. Bxg7 Rg8
15. Bc3 Rxg2 16. Rg1 Rxg1+ 17. Nxg1 Bf8 18. Nh3 Qf7 19. Qg4 Qg6 20. Qxg6+ hxg6
21. Ng5 Ke7 22. Ke2 Nc6 23. Rg1 Bd7 24. Nh7 b5 25. Ba2 c4 26. Rxg6 e5 27. Nxf8
Rxf8 28. Rg7+ Ke8 29. axb5 axb5 30. Be1 Rf4 31. c3 Rxe4+ 32. Kd2 b4 33. Rg3 b3
34. Bb1 Rh4 35. Rg2 d5 36. f3 Rh3 37. Bg3 Kf7 38. f4 e4 39. Ke3 Na7 40. Rd2 Bc6
41. Re2 Nb5 42. Kd2 Rh8 43. Be1 Bd7 44. h4 Rg8 45. Re3 Rg2+ 46. Kc1 Na3 47. Rg3
b2+ 48. Kd1 Ba4+ 0-1

[Event "34ème Open International d'Avoine"]
[Site "AVOINE"]
[Date "2019.07.20"]
[Round "2.24"]
[White "Perrin, Guillaume"]
[Black "Wlodarczyk, Cyril"]
[Result "1/2-1/2"]
[WhiteElo "2289"]
[BlackElo "2098"]
[PlyCount "146"]
[EventDate "2019.??.??"]
[WhiteTeam "Gujan-Mestras Echecs"]
[BlackTeam "Cergy Pontoise Echecs"]

1. e4 c5 2. Nc3 Nc6 3. Bb5 Nd4 4. Nf3 g6 5. O-O Bg7 6. Nxd4 cxd4 7. Ne2 a6 8.
Bc4 e6 9. d3 Ne7 10. Bg5 h6 11. Bd2 O-O 12. c3 d5 13. Bb3 Nc6 14. exd5 exd5 15.
Nxd4 Nxd4 16. cxd4 h5 17. Qf3 Be6 18. Rfe1 Bxd4 19. Bc3 Bxc3 20. bxc3 Rc8 21.
Rac1 Qa5 22. d4 b5 23. h3 b4 24. cxb4 Qxb4 25. Qe3 Rce8 26. Qc3 Qb8 27. Qc7 Qb4
28. Qc3 Qb8 29. Qa5 Qf4 30. Qxa6 Qxd4 31. Red1 Qf4 32. Qa4 Qg5 33. h4 Qh6 34.
Qd4 Rc8 35. f4 Rxc1 36. Rxc1 Qg7 37. Rd1 Qxd4+ 38. Rxd4 Rd8 39. Kf2 Kf8 40. Ke3
Ke7 41. f5 gxf5 42. Bd1 Kf6 43. Kf4 Rb8 44. a4 Ra8 45. g3 Bd7 46. Rxd5 Bxa4 47.
Rxf5+ Kg7 48. Rg5+ Kf6 49. Bf3 Rb8 50. Rf5+ Kg7 51. Bxh5 Rb4+ 52. Ke3 Bb3 53.
Bf3 Rb6 54. Bd5 Bxd5 55. Rxd5 Ra6 56. Kf4 Rb6 57. g4 Ra6 58. h5 Rb6 59. g5 Ra6
60. Kf5 Ra1 61. h6+ Kg8 62. Rd8+ Kh7 63. Rf8 Rf1+ 64. Ke5 Rf2 65. Rc8 Rf1 66.
Rc4 Kg6 67. Rh4 Re1+ 68. Kd6 Kh7 69. Rh3 Rg1 70. Rh5 Re1 71. Kd5 Re2 72. Rh3
Rg2 73. Rh5 Re2 1/2-1/2

[Event "34ème Open International d'Avoine"]
[Site "AVOINE"]
[Date "2019.07.21"]
[Round "2.25"]
[White "Bonn, Thomas"]
[Black "Cau, Benjamin"]
[Result "1-0"]
[WhiteElo "2272"]
[BlackElo "2073"]
[Annotator "Smith,John"]
[PlyCount "65"]
[EventDate "2019.??.??"]

1. d4 {[%emt 0:00:00]} d5 2. c4 c6 3. Nf3 Nf6 4. Qc2 e6 5. Nbd2 Nbd7 6. g3 Be7
7. Bg2 O-O 8. O-O b6 9. e4 dxe4 10. Nxe4 Nxe4 11. Qxe4 Bb7 12. Rd1 Re8 13. Bf4
Nf6 14. Qe2 Qc8 15. Bh3 a5 16. Rac1 Ra7 17. Ne5 Qa8 18. c5 b5 19. Bg5 Nd5 20.
Nxf7 Kxf7 21. Qh5+ Kg8 22. Bxe6+ Kh8 23. Bf5 h6 24. Qg6 Kg8 25. Be6+ Kh8 26.
Bxh6 Rg8 27. Re1 Qf8 28. Bxg8 Kxg8 29. Bg5 Qd8 30. Re5 Bc8 31. Rce1 Rc7 32.
Bxe7 Rxe7 33. Qg5 1-0

[Event "34ème Open International d'Avoine"]
[Site "AVOINE"]
[Date "2019.07.20"]
[Round "2.26"]
[White "Defromont, Benjamin"]
[Black "Hirth, Julien"]
[Result "1-0"]
[WhiteElo "2245"]
[BlackElo "2059"]
[PlyCount "87"]
[EventDate "2019.??.??"]
[WhiteTeam "Cannes Echecs"]
[BlackTeam "Club 608 d'Echecs Paris"]

1. e4 c5 2. Nf3 Nc6 3. Bb5 g6 4. O-O Bg7 5. Re1 Nf6 6. e5 Nd5 7. Nc3 Nc7 8.
Bxc6 dxc6 9. Ne4 b6 10. Nf6+ Kf8 11. Ne4 Bg4 12. d3 Ne6 13. Neg5 Nxg5 14. Bxg5
Qd5 15. Re4 Bf5 16. Re3 h6 17. Bf4 Kg8 18. h3 Kh7 19. b3 Rad8 20. a4 Rhe8 21.
Qe1 Kg8 22. a5 b5 23. a6 c4 24. bxc4 bxc4 25. Ra5 Qd7 26. Ra3 cxd3 27. cxd3 c5
28. Qc3 Qb5 29. Ra5 Qb1+ 30. Kh2 Rxd3 31. Rxd3 Qxd3 32. Qxc5 g5 33. Be3 g4 34.
hxg4 Bxg4 35. Qxa7 Qf5 36. Qd4 Bxf3 37. gxf3 Qxf3 38. a7 Kh8 39. Qd5 Qh5+ 40.
Kg2 Qg6+ 41. Kf1 Bxe5 42. Qxe5+ f6 43. Qd5 e6 44. Qd4 1-0

[Event "34ème Open International d'Avoine"]
[Site "AVOINE"]
[Date "2019.07.21"]
[Round "2.27"]
[White "Ollier, Milan"]
[Black "Bourdeaux, Gabin"]
[Result "1-0"]
[WhiteElo "2227"]
[BlackElo "2050"]
[PlyCount "73"]
[EventDate "2019.??.??"]

1. e4 e6 2. d4 d5 3. Bd3 c5 4. exd5 exd5 5. Nf3 Nc6 6. O-O c4 7. Be2 Nf6 8. b3
cxb3 9. axb3 Be7 10. c4 O-O 11. Nc3 Bf5 12. h3 Nb4 13. Ne1 Ne4 14. Nxe4 Bxe4
15. Bb2 Re8 16. Nd3 Bd6 17. Nc5 Bxc5 18. dxc5 Qg5 19. Bf3 Bd3 20. Re1 h6 21.
Rxe8+ Rxe8 22. cxd5 Nc2 23. Qxd3 Nxa1 24. g3 Qg6 25. Qxg6 fxg6 26. Bxa1 Re1+
27. Kg2 Rxa1 28. d6 Kf7 29. Bxb7 Rc1 30. b4 a5 31. c6 axb4 32. c7 b3 33. Bd5+
Ke8 34. Be6 b2 35. d7+ Ke7 36. d8=Q+ Kxe6 37. c8=Q+ 1-0

[Event "34ème Open International d'Avoine"]
[Site "AVOINE"]
[Date "2019.07.20"]
[Round "2.28"]
[White "Grezels, Florian"]
[Black "Flachet, Thierry"]
[Result "1/2-1/2"]
[WhiteElo "2201"]
[BlackElo "2043"]
[PlyCount "143"]
[EventDate "2019.??.??"]
[WhiteTeam "C.E.I. Toulouse"]
[BlackTeam "Cercle d'échecs des Sables d'Olonne"]

1. e4 e6 2. d4 d5 3. Nc3 Nf6 4. Bg5 Bb4 5. e5 h6 6. Bd2 Bxc3 7. bxc3 Ne4 8. Qg4
g6 9. Bd3 Nxd2 10. Kxd2 c5 11. h4 Nc6 12. Qf4 Qe7 13. Nf3 Bd7 14. h5 g5 15. Qe3
Rc8 16. Rab1 Na5 17. Nh2 Ba4 18. Ng4 b6 19. Rhf1 cxd4 20. Qxd4 Nc4+ 21. Ke2 Qc5
22. f4 Qxd4 23. cxd4 Na3 24. Rbc1 Ke7 25. c3 Bb5 26. fxg5 hxg5 27. Nf6 Bxd3+
28. Kxd3 Nb5 29. Rf3 Rh6 30. Rg3 Rch8 31. Rxg5 Rxf6 32. exf6+ Kxf6 33. Re5 Rg8
34. Rf1+ Ke7 35. Re2 Nd6 36. Rh1 Nf5 37. Rh3 Nh6 38. Kd2 Rg5 39. Ke1 Kf6 40.
Kf1 Kg7 41. Re5 Rg4 42. Kf2 Kh7 43. Kf3 Rg8 44. Re1 Rg5 45. Reh1 Rf5+ 46. Ke2
Rg5 47. Kf2 Ng4+ 48. Kf3 Nh6 49. Rh4 Kg7 50. g4 f6 51. R1h2 Nf7 52. Rd2 Nd6 53.
Rh1 Kh6 54. Re2 Ne4 55. Rc2 f5 56. gxf5 Rxf5+ 57. Ke3 Rg5 58. c4 Ng3 59. Rh3
Nf5+ 60. Kd3 Rg4 61. cxd5 Rxd4+ 62. Ke2 Rxd5 63. Rc7 Ng7 64. Rxa7 Nxh5 65. Rb3
Kg5 66. Rxb6 Kf5 67. Rab7 Nf4+ 68. Ke1 Nd3+ 69. Kf1 e5 70. a4 Kf4 71. Rb5 Rd4
72. Rb3 1/2-1/2

[Event "34ème Open International d'Avoine"]
[Site "AVOINE"]
[Date "2019.07.21"]
[Round "2.29"]
[White "Merenciano, Alexandre"]
[Black "De Lussac, Estephe"]
[Result "1-0"]
[WhiteElo "2198"]
[BlackElo "2025"]
[PlyCount "55"]
[EventDate "2019.??.??"]

1. e4 c5 2. Nf3 d6 3. Bb5+ Nd7 4. Ba4 a6 5. c4 Ngf6 6. O-O e6 7. Nc3 Be7 8. d4
cxd4 9. Nxd4 O-O 10. Qe2 Qc7 11. f4 Nb6 12. Bb3 Nfd7 13. Be3 Nc5 14. Bc2 e5 15.
Nf5 Bxf5 16. exf5 Bf6 17. fxe5 Bxe5 18. f6 g6 19. Qf2 Rfe8 20. Rae1 Re6 21. Bg5
Bxc3 22. bxc3 Qd8 23. h4 Nxc4 24. h5 Ne5 25. Qh4 Qf8 26. Rxe5 Rxe5 27. hxg6 h6
28. g7 1-0

[Event "34ème Open International d'Avoine"]
[Site "AVOINE"]
[Date "2019.07.20"]
[Round "2.30"]
[White "Pottier, Simeon"]
[Black "Lewis, John"]
[Result "1-0"]
[WhiteElo "2192"]
[BlackElo "2022"]
[PlyCount "129"]
[EventDate "2019.??.??"]
[WhiteTeam "LEC Echiquier Limousin"]
[BlackTeam "Club d'Echecs d'Ecouen"]

1. d4 d5 2. c4 e6 3. Nc3 c6 4. e4 Bb4 5. e5 c5 6. Nf3 Ne7 7. dxc5 Nd7 8. Qa4
Bxc3+ 9. bxc3 O-O 10. Be3 Qc7 11. Bd4 Ng6 12. cxd5 exd5 13. Qa3 Ndxe5 14. Nxe5
Nxe5 15. Be2 Bg4 16. f3 Bf5 17. O-O Rfc8 18. Qb3 Be6 19. Rab1 Rab8 20. Qa3 Nd7
21. Qxa7 Nxc5 22. Qb6 Ra8 23. Qxc7 Rxc7 24. Be5 Rcc8 25. Rb2 Na4 26. Rc2 Bf5
27. Rcc1 Nb6 28. Ra1 Nc4 29. Bd4 Re8 30. Kf2 Na3 31. Bd1 Bd3 32. Re1 Rxe1 33.
Kxe1 Bc4 34. Kf2 f6 35. Bb3 b5 36. Bc5 Kf7 37. Rc1 Kg6 38. Ke3 Bxb3 39. axb3 b4
40. Bxb4 Nb5 41. c4 dxc4 42. bxc4 Ra4 43. Be7 Nc7 44. Bd6 Ne6 45. c5 f5 46. c6
Ra8 47. g4 Kf6 48. h4 Rc8 49. c7 g6 50. Kf2 fxg4 51. fxg4 Kf7 52. Kf3 Nd4+ 53.
Ke4 Ke6 54. Bf4 Nb5 55. Rc6+ Kd7 56. Kd5 Rf8 57. Be5 Re8 58. Ra6 Rc8 59. Rc6
Re8 60. Rc2 Na7 61. Rf2 Nc6 62. Bd6 Ne7+ 63. Kc5 Ra8 64. Bxe7 Kxe7 65. Kc6 1-0

[Event "34ème Open International d'Avoine"]
[Site "AVOINE"]
[Date "2019.07.21"]
[Round "2.31"]
[White "Maiorov, Nikita"]
[Black "Lamaze, Simon"]
[Result "1/2-1/2"]
[WhiteElo "2522"]
[BlackElo "2008"]
[PlyCount "148"]
[EventDate "2019.??.??"]

1. d4 Nf6 2. c4 e6 3. Nf3 d5 4. Nc3 Be7 5. Bg5 O-O 6. e3 c6 7. Qc2 a6 8. Rd1
Nbd7 9. a3 dxc4 10. Bxc4 b5 11. Bd3 Bb7 12. b4 h6 13. Bh4 a5 14. Rb1 Qb6 15.
O-O Rfc8 16. Rfd1 Qd8 17. e4 g5 18. Bg3 Qf8 19. Qb3 Nb6 20. Ne5 Rd8 21. Be2
axb4 22. axb4 Na4 23. Nxa4 Rxa4 24. Qc2 Rxb4 25. Rxb4 Bxb4 26. f3 c5 27. Nd3
cxd4 28. Nxb4 Qxb4 29. Qc7 Rd7 30. Qe5 Nh5 31. Qxb5 Qxb5 32. Bxb5 Rd8 33. Bc7
Rc8 34. Bd6 Bc6 35. Bf1 d3 36. Bxd3 Nf4 37. Bf1 Rd8 38. Rd2 e5 39. Kf2 Kh7 40.
Ke3 f6 41. g3 Ne6 42. Bh3 Ng7 43. Bf1 Ne8 44. Be7 Rxd2 45. Kxd2 Kg7 46. Bd3 Nc7
47. Bc5 Ne6 48. Be3 h5 49. Kc3 Ba4 50. Bc4 Nf8 51. Be2 Ng6 52. Kc4 Bd7 53. Kd5
Bh3 54. Kd6 h4 55. Bf2 Bg2 56. Be3 hxg3 57. hxg3 g4 58. fxg4 Bxe4 59. Bb5 f5
60. gxf5 Bxf5 61. Bg5 Bg4 62. Bd3 Bh3 63. Be2 Bf5 64. Bf3 Bh3 65. g4 e4 66. Be2
Bg2 67. Bc4 Bf3 68. Be6 Be2 69. Be3 Bf3 70. Bd7 Be2 71. Bf5 Nh4 72. Bd7 Ng6 73.
Bd4+ Kh6 74. Be3+ Kg7 1/2-1/2

[Event "34ème Open International d'Avoine"]
[Site "AVOINE"]
[Date "2019.07.21"]
[Round "2.32"]
[White "Vingerhoets, Luc"]
[Black "Lejarre, Ludovic"]
[Result "0-1"]
[WhiteElo "1968"]
[BlackElo "2345"]
[PlyCount "42"]
[EventDate "2019.??.??"]

1. e4 e5 2. d4 exd4 3. c3 d5 4. exd5 Qxd5 5. Nf3 Nc6 6. cxd4 Bg4 7. Be2 Bb4+ 8.
Nc3 Bxf3 9. Bxf3 Qc4 10. Bxc6+ bxc6 11. Qe2+ Qxe2+ 12. Kxe2 O-O-O 13. Be3 Ne7
14. Kd3 Nf5 15. Kc4 Ba5 16. Na4 Rhe8 17. b4 Bb6 18. Nxb6+ cxb6 19. Rhe1 Re4 20.
Rad1 Nxd4 21. f3 Nxf3+ 0-1

[Event "34ème Open International d'Avoine"]
[Site "AVOINE"]
[Date "2019.07.20"]
[Round "2.33"]
[White "Hautot, Stephane"]
[Black "Nottola, Adrien"]
[Result "1-0"]
[WhiteElo "2328"]
[BlackElo "1964"]
[PlyCount "59"]
[EventDate "2019.??.??"]

1. d4 Nf6 2. Nf3 g6 3. g3 Bg7 4. Bg2 O-O 5. c4 d6 6. O-O Nbd7 7. Nc3 e5 8. e4
exd4 9. Nxd4 Re8 10. h3 Nc5 11. Re1 a5 12. Nb3 Be6 13. e5 Nfd7 14. exd6 cxd6
15. Qxd6 Ra6 16. Qd1 Bxc4 17. Rxe8+ Qxe8 18. Be3 Qe7 19. Nxc5 Nxc5 20. Rc1 b6
21. b3 Be6 22. Nb5 Bd7 23. Nc7 Ra7 24. Nd5 Qe8 25. Nxb6 Ne6 26. Nd5 Ra6 27. Nc7
Nxc7 28. Rxc7 Bc8 29. Qd5 Be5 30. Rxc8 1-0

[Event "34ème Open International d'Avoine"]
[Site "AVOINE"]
[Date "2019.07.20"]
[Round "2.34"]
[White "Viel, Simon"]
[Black "Mourgues, Jean-Marie"]
[Result "1-0"]
[WhiteElo "2301"]
[BlackElo "1963"]
[PlyCount "87"]
[EventDate "2019.??.??"]
[WhiteTeam "Echecs Plus de Cherbourg-Octeville"]
[BlackTeam "L'Echiquier du Lac Enghien"]

1. e4 g6 2. d4 Bg7 3. Nc3 c6 4. g3 d5 5. e5 Nh6 6. Bg2 O-O 7. f4 f6 8. Nf3 fxe5
9. fxe5 a5 10. O-O Na6 11. h3 b5 12. Be3 Nc7 13. g4 Ne6 14. Qd2 Nf7 15. Ne2 Bb7
16. Nf4 Qd7 17. Rae1 b4 18. Nd3 Ba6 19. h4 c5 20. dxc5 d4 21. Bf2 Bb7 22. Bg3
Rad8 23. Kh2 Nh6 24. g5 Nf5 25. Bh3 Qd5 26. Bg4 h5 27. gxh6 Bxh6 28. Qg2 Nxg3
29. Qxg3 Nf4 30. Ng5 Bxg5 31. Bf3 Qe6 32. Bxb7 Nxd3 33. cxd3 Be3 34. Be4 Kg7
35. Kg2 Rxf1 36. Rxf1 Rf8 37. Rxf8 Kxf8 38. c6 Qxa2 39. c7 Qxb2+ 40. Kh3 Qc2
41. e6 g5 42. hxg5 Kg7 43. Qe5+ Kg8 44. Qf5 1-0

[Event "34ème Open International d'Avoine"]
[Site "AVOINE"]
[Date "2019.07.20"]
[Round "2.35"]
[White "Baillon, Olivier"]
[Black "Robert, Yoann"]
[Result "1-0"]
[WhiteElo "2279"]
[BlackElo "1961"]
[PlyCount "73"]
[EventDate "2019.??.??"]
[WhiteTeam "Club 608 d'Echecs Paris"]
[BlackTeam "Club d'Echecs de Sautron"]

1. Nf3 c5 2. c4 g6 3. Nc3 Bg7 4. g3 Nc6 5. Bg2 Nf6 6. O-O O-O 7. d3 d5 8. cxd5
Nxd5 9. Bd2 e6 10. Qc1 b6 11. Bh6 Bb7 12. h4 Rc8 13. Qd2 Qd7 14. h5 Nxc3 15.
bxc3 c4 16. d4 Ne7 17. Bxg7 Kxg7 18. Ne5 Qc7 19. e4 Nc6 20. Ng4 f5 21. Qh6+ Kg8
22. exf5 exf5 23. Bd5+ Kh8 24. Ne3 Qg7 25. Qg5 gxh5 26. Qxh5 f4 27. Ng2 Na5 28.
Be6 fxg3 29. f4 Rcd8 30. f5 Rf6 31. Rf4 Rh6 32. Qg4 Qc7 33. Qg5 Rxe6 34. fxe6
Rg8 35. Qf6+ Rg7 36. Rg4 Nc6 37. Qf8+ 1-0